| 000 | 01261cab a2200217 4500 | ||
|---|---|---|---|
| 001 | ##L132631 | ||
| 008 | 060223n2006 000 0 eng u | ||
| 035 | _a(Sirsi) u132631 | ||
| 041 | 0 | _aeng | |
| 100 | 1 | _aStreven, Andrew J. M. | |
| 245 | 0 | 0 | _aGoodbye to sequestration for rent |
| 260 | _c2006 | ||
| 490 | 0 |
_aScots Law Times _v(04)10 February 2006, 17-20(4) |
|
| 520 | _aSuggests that the reforms to the landlord's hypothec and sequestration for rent contained in the Bankruptcy and Diligence etc (Scotland) Bill merit clarification and reconsideration. Considers in detail s194 of the Bill which will radically alter the landlord's hypothec, a long established security over moveable property, as well as abolishing sequestration for rent, the diligence by which that security is enforced. Regards the provision as currently framed to be problematic. | ||
| 590 | _aIKA280206 | ||
| 650 | 2 | 4 | _aBANKRUPTCY AND DILIGENCE ETC (SCOTLAND) BILL 2005 |
| 650 | 2 | 4 | _aBANKRUPTCY AND DILIGENCE ETC (SCOTLAND) BILL 2005 S194 |
| 650 | 2 | 4 | _aDITCHBURN ORGANISATION (SALES) LTD V DUNDEE CORPORATION |
| 690 | _aPROPERTY-COMMERCIAL PROPERTY-LEASEHOLD COMMERCIAL PROPERTY-COMMERCIAL LANDLORD AND TENANT-BUSINESS TENANCIES-BREACHING BUSINESS TENANCIES | ||
| 942 | _n0 | ||
| 999 |
_c76536 _d76536 |
||